Online
Catalog

El camino del corazón / (Record no. 8046)

MARC details
000 -CABECERA
campo de control de longitud fija 00824cam a2200241 a 4500
001 - NÚMERO DE CONTROL
campo de control 000008275
005 - FECHA Y HORA DE LA ÚLTIMA TRANSACCIÓN
campo de control 20200929161324.0
008 - DATOS DE LONGITUD FIJA--INFORMACIÓN GENERAL
campo de control de longitud fija 910315s1994 sp r 001 f spa
020 ## - NÚMERO INTERNACIONAL ESTÁNDAR DEL LIBRO
Número Internacional Estándar del Libro 8408001167
040 ## - FUENTE DE LA CATALOGACIÓN
Centro catalogador/agencia de origen DO-SdBNP
Lengua de catalogación spa
Centro/agencia transcriptor BNPHU
082 ## - NÚMERO DE LA CLASIFICACIÓN DECIMAL DEWEY
Número de clasificación 863.64
Número de documento/Ítem S211c, 1994
100 1# - ENTRADA PRINCIPAL--NOMBRE DE PERSONA
Nombre de persona Sánchez Dragó, Fernando,
Fechas asociadas al nombre 1936-
9 (RLIN) 22410
245 13 - MENCIÓN DE TÍTULO
Título El camino del corazón /
Mención de responsabilidad, etc. Fernando Sánchez Dragó.
246 13 - FORMA VARIANTE DE TÍTULO
Título propio/Titulo breve El camino del corazón: un largo viaje a Oriente en busca de la sabiduría y la felicidad.
250 ## - MENCIÓN DE EDICIÓN
Mención de edición 3a ed.
260 ## - PUBLICACIÓN, DISTRIBUCIÓN, ETC.
Lugar de publicación, distribución, etc. Barcelona, (España) :
Nombre del editor, distribuidor, etc. Planeta,
Fecha de publicación, distribución, etc. 1994.
300 ## - DESCRIPCIÓN FÍSICA
Extensión 279 p. ;
Dimensiones 21 cm.
490 1# - MENCIÓN DE SERIE
Mención de serie Planeta bolsillo
Designación de volumen o secuencia 392
586 ## - NOTA DE PREMIOS
Nota de premios Finalista premio planeta, 1990.
650 #4 - PUNTO DE ACCESO ADICIONAL DE MATERIA--TÉRMINO DE MATERIA
Término de materia o nombre geográfico como elemento de entrada Novela española
9 (RLIN) 1123
650 #4 - PUNTO DE ACCESO ADICIONAL DE MATERIA--TÉRMINO DE MATERIA
Término de materia o nombre geográfico como elemento de entrada Literatura española
Subdivisión cronológica SIGLO XX
9 (RLIN) 3326
830 #0 - PUNTO DE ACCESO ADICIONAL DE SERIE-TÍTULO UNIFORME
Título uniforme Planeta bolsillo
Número de parte o sección de la obra 392
9 (RLIN) 22411
Holdings
Estado de retiro Estado de pérdida Restricciones de uso No para préstamo Código de colección Localización permanente Ubicación/localización actual Ubicación en estantería Fecha de adquisición Número de inventario Total de préstamos Signatura topográfica completa Código de barras Fecha visto por última vez Precio válido a partir de Tipo de ítem Koha
      Excluido de préstamo Monografías: Libros y Folletos General General Depósito 15.09.2009 LF1   863.64 S211c, 1994 8275-10 25.06.2020 25.06.2020 No se presta
        Monografías: Libros y Folletos General General Orden iniciada 29.05.2017 LF1   863.64 S211c, 1994 8275-20 25.06.2020 25.06.2020 No se presta

Powered by Koha